Countries With the Highest Quality of Life Index With Exceptions - Statistics

General Stats
  • This quiz has been taken 33 times
  • The average score is 11 of 14
Answer Stats
Quality of Life Country % Correct
185.2 Japan
97%
192.2 Australia
93%
166.4 Canada
93%
192.5 New Zealand
93%
177 United Arab Emirates
93%
188.8 United States
93%
152.8 Singapore
90%
193.3 Qatar
86%
208.9 Oman
79%
160.6 Kuwait
76%
177 Saudi Arabia
76%
160.7 Taiwan
72%
163.6 Israel
66%
152.4 South Africa
31%
No matching quizzes found
Score Distribution
Percent of People with Each Score
Percentile by Number Answered
Your Score History
You have not taken this quiz